000 00641nam a22002177a 4500
999 _c6117
_d6117
003 AR-CdUCM
008 190313b ||||| |||| 00| 0 spa d
040 _aMUNICIPALIDAD PROVINCIAL DEL CUSCO
_cBIBLIOTECA MUNICIPAL DEL CUSCO
082 _a868.6 /
_bB88
100 _aBueno, Leoncio
_910270
245 _aLa guerra de los Runas /
260 _aLima :
_bEdiciones Tungar,
_c1980.
300 _a63 páginas ;
_c21 cm.
500 _aDonación familia Nieto
505 _aContenido: Poesía peruana.
650 _aPoesía peruana
_9806
650 _aRunas
_917761
650 _aTahuantinsuyu
_917762
942 _2ddc
_cLIBROS
945 _adavv